000 00565nam a22001817a 4500
003 URS
005 20251025143436.0
008 251025b |||||||| |||| 00| 0 eng d
040 _cURS
100 _aRocco, Philip
_eauthor
245 _aPower Politics :
_bTrump and the Assault on American Democracy /
_cPhilip Rocco
300 _apages 430-431
336 _2rdacontent
_atext
_btxt
337 _2rdamedia
_aunmediated
_bn
338 _2rdacarrier
_avolume
_bnc
773 0 _07583
_993009
_oPIL-00323195.138.3
_tPolitical science quarterly:
_x00323195
942 _2ddc
_cCR
999 _c88506
_d88503